Catálogo
 En Linea

Johnny Abbes García : (Registro nro. 49377)

Detalles MARC
000 -CABECERA
campo de control de longitud fija 01391nam a22002537a 4500
003 - IDENTIFICADOR DEL NÚMERO DE CONTROL
campo de control OSt
005 - FECHA Y HORA DE LA ÚLTIMA TRANSACCIÓN
campo de control 20250411112534.0
008 - DATOS DE LONGITUD FIJA--INFORMACIÓN GENERAL
campo de control de longitud fija 210216b 2019 dr 00| 0 eng d
020 ## - NÚMERO INTERNACIONAL ESTÁNDAR DEL LIBRO
Número Internacional Estándar del Libro 9789945169652
040 ## - FUENTE DE LA CATALOGACIÓN
Centro catalogador/agencia de origen DO-SdBNP
Lengua de catalogación spa
Centro/agencia transcriptor BNPHU
082 #4 - NÚMERO DE LA CLASIFICACIÓN DECIMAL DEWEY
Número de clasificación 972.93053
Número de documento/Ítem R139j
Número de edición 22
100 1# - ENTRADA PRINCIPAL--NOMBRE DE PERSONA
Nombre de persona Raful, Tony,
Fechas asociadas al nombre 1951-
9 (RLIN) 1377
245 ## - MENCIÓN DE TÍTULO
Título Johnny Abbes García :
Resto del título ¡Vivo, suelto y sin expedientes! /
Mención de responsabilidad, etc. Tony Raful Tejada.
260 ## - PUBLICACIÓN, DISTRIBUCIÓN, ETC.
Lugar de publicación, distribución, etc. Santo Domingo:
Nombre del editor, distribuidor, etc. Buho,
Fecha de publicación, distribución, etc. 2019
300 ## - DESCRIPCIÓN FÍSICA
Extensión 395 p. ;
Dimensiones 24 cm.
500 ## - NOTA GENERAL
Nota general Incluye datos biográficos del autor en la solapa de la cubierta
520 ## - SUMARIO, ETC.
Sumario, etc. Novela basada en la vida y época de Johnny Abbes García (1924-?) Cabeza del SIM (Servicio de Inteligencia Militar) y la mente maestra del asesinato de enemigos de Trujillo en el exterior, como el atentado contra la vida del presidente venezolano Rómulo Betancourt (1960), el asesinato del presidente Carlos Castillo de Armas en Guatemala en 1957, e innumerables crímenes contra dominicanos exiliados en México, Centroamérica, Cuba y el Estados Unidos, entre otros horrendos crímenes.
590 ## - NOTA LOCAL (RLIN)
Nota local Inventariado, 2021 /LP<br/><br/>
600 24 - PUNTO DE ACCESO ADICIONAL DE MATERIA--NOMBRE DE PERSONA
Nombre de persona Abbes García, Johnny,
Fechas asociadas al nombre 1924-1967
9 (RLIN) 77920
610 14 - PUNTO DE ACCESO ADICIONAL DE MATERIA--NOMBRE DE ENTIDAD CORPORATIVA
Nombre de entidad corporativa o nombre de jurisdicción como elemento de entrada República Dominicana
Unidad subordinada Servicio de Inteligencia Militar
9 (RLIN) 77921
650 #4 - PUNTO DE ACCESO ADICIONAL DE MATERIA--TÉRMINO DE MATERIA
Término de materia o nombre geográfico como elemento de entrada Oficiales de inteligencia
Subdivisión geográfica República Dominicana
Subdivisión de forma Biografías
9 (RLIN) 77638
910 ## - DATOS DE OPCIÓN DEL USUARIO (OCLC)
Datos de opción del usuario Validado. Control de calidad MFF
942 ## - ELEMENTOS DE PUNTO DE ACCESO ADICIONAL (KOHA)
Fuente del sistema de clasificación o colocación Dewey Decimal Classification
Tipo de ítem Koha Libro
Existencias
Estado de retiro Estado de pérdida Fuente del sistema de clasificación o colocación Restricciones de uso No para préstamo Código de colección Localización permanente Ubicación/localización actual Ubicación en estantería Fecha de adquisición Fuente de adquisición Total de préstamos Signatura topográfica completa Código de barras Fecha visto por última vez Precio válido a partir de Tipo de ítem Koha Número de copia
    Dewey Decimal Classification Préstamo en sala   Monografías: Libros y Folletos Biblioteca Nacional Pedro Henríquez Ureña General Depósito 16.02.2021 Donado por Tony Raful   BNPHU DS 972.93053 R139j 2021-0194 16.02.2021 16.02.2021 Libro e. 3
    Dewey Decimal Classification Excluido de préstamo Excluido de préstamo Monografías: Libros y Folletos Biblioteca Nacional Pedro Henríquez Ureña Patrimonio Dominicano Depósito 16.02.2021 Editora Búho   BNPHU PD 972.93053 R139j 2021-0192 16.02.2021 16.02.2021 Libro  
    Dewey Decimal Classification Excluido de préstamo Préstamo restrigido Monografías: Libros y Folletos Biblioteca Nacional Pedro Henríquez Ureña Patrimonio Dominicano Depósito 16.02.2021     BNPHU PD 972.93053 R139j 2021-0193 16.02.2021 16.02.2021 Libro e. 2
    Dewey Decimal Classification Préstamo en sala   Monografías: Libros y Folletos Biblioteca Nacional Pedro Henríquez Ureña Patrimonio Dominicano Depósito 16.02.2021 Deposito Legal   BNPHU DS 972.93053 R139j 2021-1087 22.03.2021 16.02.2021 Libro e.4
    Dewey Decimal Classification Préstamo en sala   Monografías: Libros y Folletos Biblioteca Nacional Pedro Henríquez Ureña Patrimonio Dominicano Depósito 16.02.2021 Deposito Legal   BNPHU DS 972.93053 R139j 2021-1088 22.03.2021 16.02.2021 Libro e. 5

Con tecnología Koha